Statistics for Swedish Numbers 1-10

Click here to take the quiz!

General Stats

  • This quiz has been taken 1,434 times
  • The average score is 9 of 10

Answer Stats

HintAnswer% Correct
Threetre
96%
Oneett
95%
Sixsex
95%
Fivefem
94%
Twotvå
93%
Fourfyra
91%
Ninenio
90%
Tentio
90%
Sevensju
89%
Eightåtta
88%

Score Distribution

Percentile by Number Answered

Percent of People with Each Score

Your Score History

You have not taken this quiz